000 00284nam a22001337a 4500
008 170623b xxu||||| |||| 00| 0 eng d
020 _a0813303907
041 _aeng
080 _a327
100 _a21
101 _aSHP
245 _aJANUS AND MINERVA
_cHOFFMAN, S
942 _2udc
_cBK
999 _c19052
_d19052